| 000 | 00732nam a22002177a 4500 | ||
|---|---|---|---|
| 999 |
_c7650 _d7650 |
||
| 001 | 7650 | ||
| 003 | BD-JhCC | ||
| 005 | 20180417083349.0 | ||
| 008 | 180212s1987 ao||| |||| 00| 0 d | ||
| 035 | _a(BD-JhCC)7650 | ||
| 040 |
_aBD-JhCC _dBD-JhCC |
||
| 041 | _aben | ||
| 082 |
_a635.9 _bMON 1987 |
||
| 100 | _aমনিরুজ্জামান, এফ. এম. | ||
| 245 |
_aমরসুমী ফুল ও সবজী বাগান / _cএফ. এম. মনিরুজ্জামান |
||
| 260 |
_aঢাকা : _bবাংলা একাডমী, _c১৯৮৭. |
||
| 300 |
_a২০৩ পৃ. : _bill.; _c২২ সেমি. |
||
| 650 |
_aVegetable Garden _xCultivation |
||
| 942 |
_2ddc _cBK |
||